Understanding the self: (Record no. 9565)

MARC details
000 -LEADER
fixed length control field 00773nam a22002417a 4500
003 - CONTROL NUMBER IDENTIFIER
control field OSt
005 - DATE AND TIME OF LATEST TRANSACTION
control field 20260421060519.0
008 - FIXED-LENGTH DATA ELEMENTS--GENERAL INFORMATION
fixed length control field 260421b |||||||| |||| 00| 0 eng d
020 ## - INTERNATIONAL STANDARD BOOK NUMBER
International Standard Book Number 978-971-821-906-5
040 ## - CATALOGING SOURCE
Original cataloging agency DWC-Main Lib.
Transcribing agency OC
082 ## - DEWEY DECIMAL CLASSIFICATION NUMBER
Classification number Fil. 126 U55 2020
100 ## - MAIN ENTRY--PERSONAL NAME
Personal name Reyes, Mervin Q.
245 ## - TITLE STATEMENT
Title Understanding the self:
Remainder of title a journey to self discovery/
Statement of responsibility, etc. Mervin Q. Reyes
260 ## - PUBLICATION, DISTRIBUTION, ETC.
Place of publication, distribution, etc. Malabon City, Philippines :
Name of publisher, distributor, etc. Mutya Publishing house inc.,
Date of publication, distribution, etc. c2020.
300 ## - PHYSICAL DESCRIPTION
Extent 86 pages :
Other physical details illustrations ;
Dimensions 26cm.
500 ## - GENERAL NOTE
General note Includes bibliographical references.
650 ## - SUBJECT ADDED ENTRY--TOPICAL TERM
Topical term or geographic name entry element 1. Identity.
650 ## - SUBJECT ADDED ENTRY--TOPICAL TERM
Topical term or geographic name entry element 2. Self.
700 ## - ADDED ENTRY--PERSONAL NAME
Personal name Bigcas, Bernadette U.
700 ## - ADDED ENTRY--PERSONAL NAME
Personal name Bercede, Cherry C.
700 ## - ADDED ENTRY--PERSONAL NAME
Personal name Pederi, Randy E.
942 ## - ADDED ENTRY ELEMENTS (KOHA)
Source of classification or shelving scheme Dewey Decimal Classification
Koha item type Book-Filipiniana
Classification part Fil.
Suppress in OPAC No
952 ## - LOCATION AND ITEM INFORMATION (KOHA)
--
Holdings
Withdrawn status Lost status Source of classification or shelving scheme Damaged status Not for loan Home library Current library Shelving location Date acquired Source of acquisition Cost, normal purchase price Total Checkouts Full call number Barcode Date last seen Copy number Price effective from Koha item type Uniform Resource Identifier
    Dewey Decimal Classification     College Library College Library Filipiniana 03/08/2023 Complimentary 0.00   Fil. 126 U55 2020 CL53676 04/21/2026 c1` 04/21/2026 BK - FIL